| 000 | 00507pam a2200181 a 4500 | ||
|---|---|---|---|
| 020 | _a0471828572 : | ||
| 040 | _cDLC | ||
| 082 | 0 | 0 | _a628 WIL 1986 A054 Or. |
| 100 | 1 | _aSeinfeld, John H. | |
| 245 | 1 | 0 | _aAtmospheric chemistry and physics of air pollution / |
| 260 |
_aNew York : _bWiley, _cc1986. |
||
| 300 |
_axxiii, 738 p. : _bill. ; _c25 cm. |
||
| 500 | _a"A Wiley-Interscience publication." | ||
| 650 | 0 | _aAir | |
| 650 | 0 | _aAtmospheric chemistry. | |
| 650 | 0 | _aEnvironmental chemistry. | |
| 942 | _cEK | ||
| 999 |
_c15095 _d15095 |
||